Redes sociales y desarrollo rural en una era posneoliberal: un caso de producción acuícola en la costa de Chiapas /

El texto explora la relación entre las redes sociales y el desarrollo rural en un contexto posneoliberal. El enfoque se centra en un caso de producción acuícola en la costa de Chiapas. Los autores analizan cómo las redes sociales influyen en el proceso de desarrollo rural, cómo contribuyen a la form...

Ամբողջական նկարագրություն

Պահպանված է:
Մատենագիտական մանրամասներ
Հիմնական հեղինակ: Fletes Ocón, Héctor B.
Այլ հեղինակներ: Ocampo Guzmán, María Guadalupe
Ձևաչափ: Գիրք
Լեզու:Spanish
Խորագրեր:
Ցուցիչներ: Ավելացրեք ցուցիչ
Չկան պիտակներ, Եղեք առաջինը, ով նշում է այս գրառումը!

MARC

LEADER 00000nam a22000007a 4500
003 cru CIDCACS/IIS
005 20230831170316.0
007 ta
008 180531s2011 mx |||||r|||||||| ||spa|d
040 |c cru CIDCACS/IIS 
100 1 |9 7305  |a Fletes Ocón, Héctor B. 
245 1 |a Redes sociales y desarrollo rural en una era posneoliberal:  |b un caso de producción acuícola en la costa de Chiapas /  |c Héctor B. Fletes Ocón, Guadalupe Ocampo Guzmán 
300 |a páginas 189-207 
520 |a El texto explora la relación entre las redes sociales y el desarrollo rural en un contexto posneoliberal. El enfoque se centra en un caso de producción acuícola en la costa de Chiapas. Los autores analizan cómo las redes sociales influyen en el proceso de desarrollo rural, cómo contribuyen a la formación de capital social y cómo pueden influir en la capacidad de adaptación de las comunidades a los cambios económicos y sociales. El estudio se basa en investigaciones empíricas y datos recopilados en la zona costera de Chiapas, lo que permite comprender cómo las redes locales y globales impactan en las dinámicas de desarrollo y en la creación de oportunidades para las comunidades rurales. El artículo busca contribuir a la comprensión de cómo las redes sociales pueden ser utilizadas como recursos valiosos en la promoción de un desarrollo rural sostenible en la era posneoliberal. RAR 11/2022 
650 0 |2 UNESCO   |9 6776  |a REDES SOCIALES 
650 0 |2 OCDE  |9 1123  |a DESARROLLO RURAL 
650 0 |2 OCDE  |9 11588  |a CAPITAL SOCIAL 
650 0 |2 OCDE  |9 510  |a ADAPTACION 
650 0 |2 OCDE  |9 7123  |a CAMBIOS SOCIALES 
650 0 |2 UNESCO  |9 7735  |a RECURSOS 
700 1 |a Ocampo Guzmán, María Guadalupe  |9 7291 
773 0 |0 41479  |9 2056  |a Ocampo Guzmán, María Guadalupe  |d México: Universidad Autónoma de Chiapas, 2011  |o 17730  |t Estudios regionales en el siglo XXI:  |z 082135552X 
942 |2 ddc  |c PP 
999 |c 41485  |d 41485